[Event "PER-ch"]
[Site "Lima"]
[Date "2023.08.30"]
[Round "2"]
[White "Gomez Gonzales, Cristofer Syan"]
[Black "Montesinos Parisaca, Tupac Russell"]
[Result "1/2-1/2"]
[WhiteElo "1849"]
[BlackElo "1597"]
[PlyCount "88"]
[EventDate "2023.08.29"]
[EventType "swiss"]
[EventRounds "9"]
[EventCountry "PER"]
[SourceTitle "EXT 2024"]
[Source "ChessBase"]
[SourceDate "2023.10.10"]
[SourceVersion "1"]
[SourceVersionDate "2023.10.10"]
[SourceQuality "1"]

1. e4 c5 2. Nf3 e6 3. d4 cxd4 4. Nxd4 Bc5 5. Be3 Qb6 6. Na3 d5 7. exd5 exd5 8. Bb5+ Kf8 9. 0-0 Nf6 10. b4 Bxb4 11. Nc4 dxc4 12. Nc6 Qc7 13. Nxb4 Bd7 14. Bxd7 Nbxd7 15. Nd5 Nxd5 16. Qxd5 Nf6 17. Qf5 b6 18. Rad1 Re8 19. Bf4 Qc8 20. Bd6+ Kg8 21. Qf3 h5 22. Qa3 Qb7 23. Rfe1 Kh7 24. Re7 Rxe7 25. Bxe7 Re8 26. Bxf6 gxf6 27. Qd6 Qe4 28. g3 Kg6 29. c3 h4 30. Qd7 hxg3 31. fxg3 Qe3+ 32. Kg2 Qe2+ 33. Kg1 Re3 34. Rf1 Qh5 35. Qc6 Qe5 36. Qc8 Rxc3 37. Qg8+ Kh6 38. Qh8+ Kg6 39. Qg8+ Kh6 40. Rf4 Rc1+ 41. Kg2 Rc2+ 42. Kh3 Qe6+ 43. Rg4 Rxh2+ 44. Kxh2 Qe2+ 1/2-1/2

[Event "Lima Surco op 2nd"]
[Site "Lima"]
[Date "2017.07.09"]
[Round "3"]
[White "Gomez Gonzales, Cristofer Syan"]
[Black "Delgado Romero, Marco"]
[Result "0-1"]
[WhiteElo "1549"]
[BlackElo "2078"]
[PlyCount "50"]
[EventDate "2017.07.08"]
[EventType "swiss"]
[EventRounds "9"]
[EventCountry "PER"]
[SourceTitle "EXT 2018"]
[Source "ChessBase"]
[SourceDate "2017.10.13"]
[SourceVersion "1"]
[SourceVersionDate "2017.10.13"]
[SourceQuality "1"]

1. e4 g6 2. d4 Bg7 3. Nc3 c6 4. Be3 d5 5. f3 Nf6 6. Nge2 dxe4 7. fxe4 0-0 8. Qd2 Ng4 9. 0-0-0 c5 10. h3 Nxe3 11. Qxe3 cxd4 12. Nxd4 Qa5 13. Bc4 Nc6 14. Nb3 Qc7 15. Nb5 Qe5 16. c3 a6 17. N5d4 Bd7 18. Kb1 Qc7 19. Rc1 Ne5 20. Be2 b5 21. h4 h5 22. Qg3 Qb6 23. Rhf1 a5 24. Qf2 Rab8 25. Nf5 gxf5 0-1